000 00645nam a2200181 a 4500
001 000044858
005 20201002045701.0
008 150114s2014 dr c 001 0 spa d
020 _a9789945166187
040 _aDO-SdBNP
_bspa
_cBNPHU
100 1 _aMontalvo C., Rafael V.
_d1910 -
_972872
245 1 0 _aDiez Visiones de José Báez Guerrero. /
_cRafael V. Montalvo C.
260 _aSanto Domingo :
_bMontalvo,
_c2014.
300 _a124 p. :
_bretrs. ;
_c23 cm.
500 _aIncluye índice de nombres
500 _aIncluye datos biografícos en la solapa y la contraportada
500 _aEdición conmemorativa del centenario de editora Montalvo
999 _c44347
_d44347